LEADER 01271nam0 22003131i 450 001 UON00231904 005 20231205103506.471 010 $a90-04-06249-1 100 $a20030730d1981 |0itac50 ba 101 $afre 102 $aNL 105 $a|||| ||||| 200 1 $a Pour interpréter Empédocle$fD. O'Brien 210 $aParis$cLes Belles Lettres ; Leiden$cBrill$d1981 215 $a138 p.$d24 cm. 410 1$1001UON00177064$12001 $a Philosophia Antiqua. A Series of Monographs on Ancient Philosophy$fEdited by W. J. Verdenius and J. C. M. Van Winden$1210 $aParis$cLes Belles Lettres ; Leiden$cBrill.$v38 606 $aEMPEDOCLE$3UONC050797$2FI 620 $aFR$dParis$3UONL002984 620 $aNL$dLeiden$3UONL003056 676 $a182.5$cEmpedoclea$v20 700 1$aO'BRIEN$bD.$3UONV140570$049634 712 $aBrill$3UONV245886$4650 712 $aLes Belles Lettres$3UONV245913$4650 801 $aIT$bSOL$c20240220$gRICA 899 $aSIBA - SISTEMA BIBLIOTECARIO DI ATENEO$2UONSI 912 $aUON00231904 950 $aSIBA - SISTEMA BIBLIOTECARIO DI ATENEO$dSI FS 02942 $eSI LO 20199 5 996 $aPour interpréter Empédocle$91272803 997 $aUNIOR